Statistics for Alexander Hamilton Lyrics

Click here to take the quiz!

General Stats

  • This quiz has been taken 5,547 times
  • The average score is 359 of 494

Answer Stats

Answer% Correct
a
100%
I
98%
do
97%
The
97%
the
97%
And
96%
and
96%
of
96%
for
95%
in
95%
How
94%
son
94%
be
93%
does
93%
or
93%
he
92%
He
92%
whore
92%
Alex
91%
"Alex,
91%
bastard,
91%
orphan,
91%
to
91%
got
90%
with
90%
father
89%
Hamilton
89%
him
89%
him.
89%
we
89%
We
89%
Alexander
88%
you
88%
forgot
87%
his
87%
ten
87%
man
86%
man.'
86%
man?
86%
man.
86%
middle
86%
by
85%
spot
85%
up
85%
forgotten
84%
without
84%
dollar
83%
dropped
83%
founding
83%
is
83%
lot
83%
Scotsman,
83%
being
82%
just
82%
your
82%
smarter
81%
workin'
81%
fourteen,
80%
grow
80%
hero
80%
name."
80%
name
80%
name,
80%
they
80%
was
80%
harder
79%
wait,
79%
wait...
79%
wait.
79%
but
78%
every
78%
scholar?
78%
tradin'
78%
have
77%
mother
77%
there
77%
what
77%
Caribbean
76%
farther
76%
self-starter
76%
things
76%
charge
75%
I'm
75%
my
75%
came,
74%
million
74%
working
74%
charter.
73%
done
73%
inside,
73%
inside
73%
it
73%
it,
73%
When
73%
when
73%
haven't
72%
placed
72%
slaves
72%
something
72%
trading
72%
What's
72%
day
71%
were
71%
cousin
70%
cousin,
70%
hurricane
70%
there's
70%
down
69%
world
69%
away
68%
quick.
68%
suicide
68%
went
68%
while
68%
better
67%
know
67%
left
67%
Moved
66%
New
66%
new
66%
drip,
65%
from
65%
insane,
65%
kid
65%
Then
65%
"This
65%
future
64%
get
64%
"Get
64%
nothin'
64%
said
64%
sick,
64%
steal,
64%
brain
63%
drain
63%
dripping
63%
wrote
63%
beg,
62%
don't
62%
guard
62%
mainland
62%
part
62%
pencil
62%
providence,
62%
saw
62%
slaughtered
62%
squalor
62%
around,
61%
borrow,
61%
brother
61%
collection
61%
committed
61%
connected
61%
first
61%
forget
61%
kept
61%
send
61%
temple,
61%
word
61%
barter.
60%
carted
60%
gonna
60%
put
60%
ready
60%
refrain
60%
Took
60%
across
59%
devastation
59%
full
59%
on
59%
testament
59%
yourself."
59%
education
58%
gotta
58%
late
58%
pain.
58%
struggled
58%
voice
58%
waves,
58%
fend
57%
longing
57%
see
57%
can
56%
pride,
56%
world's
56%
ruined
55%
split,
55%
thick.
55%
impoverished,
54%
saying.
54%
years
54%
scent
53%
sittin'
53%
started
53%
their
53%
bed-ridden
52%
own
52%
two
52%
half-dead
51%
readin'
51%
whence
51%
land
50%
our
50%
would
50%
dead
49%
reigned
49%
shelf
49%
as
47%
been
47%
nothing
47%
debt-ridden
46%
later,
45%
York
44%
Well,
43%
book
42%
less
42%
ship
42%
someone
42%
landlord
41%
sugar
41%
Me?
40%
me?
40%
mother's
40%
retreatin'
40%
afford
39%
can't
39%
all
38%
are
38%
shot
38%
astute
37%
cane
37%
loved
37%
that
37%
died
36%
now
36%
waiting
36%
damn
34%
fool
34%
never
34%
rum
34%
America
33%
fought
33%
hands
33%
will
33%
Will
33%
wings
32%
clerkin'
31%
bow
30%
if
29%
treatise
29%
time.
28%
harbor
27%
immigrant
27%
restitution
27%
cent
26%
Oh,
26%
same.
26%
sings
26%
back
25%
take
25%
overcame?
24%
stands
23%
another
22%
game?
22%
bottom
21%
comin'
21%
could
21%
scammin'
21%
woulda
21%
plannin'
20%
rewrote
20%
headed
19%
learned
18%
enemies
17%
rep
16%
destroyed
15%
destitue
12%

Score Distribution

Percentile by Number Answered

Percent of People with Each Score

Your Score History

You have not taken this quiz